| 000 | 01038nam a2200313 i 4500 | ||
|---|---|---|---|
| 001 | bg | ||
| 003 | BPK | ||
| 005 | 20220117113546.0 | ||
| 008 | 991116s1982 pl a f |000 0 pol | ||
| 015 | _aPB 1982/8172 | ||
| 020 | _a8320404096 | ||
| 040 |
_aWA N _cBPK |
||
| 041 | 0 | _apol | |
| 080 | _a621.382 | ||
| 080 | _a004.31 | ||
| 100 | 1 |
_aMisiurewicz, Piotr _d(1938-2011) _eAutor |
|
| 245 | 1 | 0 |
_aPółprzewodnikowe układy logiczne TTL / _cPiotr Misiurewicz, Marek Grzybek. |
| 250 | _aWyd. 3 uaktual. | ||
| 260 |
_aWarszawa : _bWydawnictwa Naukowo-Techniczne, _c1982. |
||
| 300 |
_a313, [3] s. : _bil. tab. ; _c21 cm. |
||
| 500 | _aWyd. 1 pt. : Półprzewodnikowe układy logiczne. | ||
| 504 | _aBibliogr. s. 312-313. | ||
| 650 | 4 | _aUkład cyfrowy | |
| 650 | 4 | _aPółprzewodniki | |
| 700 | 1 | _aGrzybek, Marek. | |
| 710 | 2 |
_aWydawnictwa Naukowo-Techniczne _4pbl. |
|
| 856 |
_uhttp://koha.tu.koszalin.pl/cgi-bin/koha/opac-detail.pl?biblionumber=5335 _yKatalog online BPK |
||
| 942 |
_2UKD _cKS |
||
| 999 |
_c5335 _d5335 |
||